COD Zombies Maps - Statistics

General Stats
  • This quiz has been taken 396 times
  • The average score is 24 of 38
Answer Stats
Game Answer % Correct
Black Ops 1 Kino der Toten
92%
World at War Nacht der Untoten
91%
Black Ops 1 Five
89%
Black Ops 2 TranZit
89%
Black Ops 1 Moon
88%
World at War Shi No Numa
88%
Black Ops 2 Mob of the Dead
87%
Black Ops 2 Origins
87%
Black Ops 1 Shangri-La
86%
Black Ops 2 Die Rise
85%
Black Ops 3 Shadows of Evil
84%
World at War Verruckt
83%
Black Ops 2 Buried
82%
World at War Der Riese
80%
Black Ops 1 Ascension
79%
Black Ops 3 Der Eisendrache
79%
Black Ops 1 Call of the Dead
78%
Black Ops 3 The Giant
78%
Black Ops 3 Revelations
77%
Black Ops 3 Gorod Krovi
75%
Black Ops 2 Nuketown Zombies
74%
Black Ops 4 IX
70%
Black Ops 3 Zetsubou no Shima
63%
Black Ops 4 Blood of the Dead
62%
Infinite Warfare Zombies in Spaceland
57%
Black Ops 4 Voyage of Despair
56%
Black Ops 4 Classified
46%
Infinite Warfare Rave in the Redwoods
44%
Black Ops 4 Dead of the Night
41%
Black Ops 4 Ancient Evil
36%
Infinite Warfare Attack of the Radioactive Thing
36%
Infinite Warfare Shaolin Shuffle
31%
Infinite Warfare The Beast From Beyond
25%
World War 2 The Final Reich
25%
World War 2 The Darkest Shore
17%
World War 2 The Tortured Path
16%
World War 2 The Frozen Dawn
15%
World War 2 The Shadowed Throne
12%
No matching quizzes found
Score Distribution
Percent of People with Each Score
Percentile by Number Answered
Your Score History
You have not taken this quiz